00727 2200241 4500001002100000005001700021008004100038020002200079035002500101040001200126082001200138084002000150100001600170245012200186250001100308260002900319300003000348500002600378650003300404700001800437850001200455990001800467INLIS00000000001874420160324084601.0  a978-602-978-388-9 a0010-031600000000754 aYOPDYOG a510.076 aK 510.076 Riz E aRIZEM AIZID aEnteng banget garap PR Matematika SMP kelas 1b: Garap PR sambil cengar cengirc/ Rizam Aizid ; editor Muhammad Imam. aCet.1. aYogyakartabBeningc2011 a97 hlm.b: ilus.c; 24 cm aBibliografi : hlm. 94 aMatematika-Ujian, soal, dsb. aMuhammad Imam aYOPDYOG a50957-PD/A.16